[Event "World Cup"]
[Site "Khanty-Mansiysk"]
[Date "2007.12.02"]
[Round "3.3"]
[White "Inarkiev, Ernesto"]
[Black "Aronian, Levon"]
[Result "0-1"]
[WhiteElo "2674"]
[BlackElo "2741"]
[Annotator "Krasenkow,M"]
[PlyCount "96"]
[EventDate "2007.11.24"]
[EventType "k.o."]
[EventRounds "7"]
[EventCountry "RUS"]
[SourceTitle "CBM 122"]
[Source "ChessBase"]
[SourceDate "2008.01.30"]
[SourceVersion "1"]
[SourceVersionDate "2008.01.30"]
[SourceQuality "1"]

1. d4 d5 2. Nf3 Nf6 3. c4 c6 4. Nc3 e6 5. Bg5 h6 6. Bh4 dxc4 7. e4 g5 8. Bg3 b5
9. Be2 Bb7 10. O-O Nbd7 11. Ne5 Bg7 12. Nxd7 Nxd7 13. Bd6 a6 {This system was
examined in CBM 120, annotations to Kramnik-Anand by GM D.Rogozenko.} 14. Re1
$5 $146 {[%mdl 8] An interesting novelty. Here are the most recent examples
illustrating White's main alternatives:} (14. Bh5 Bf8 15. Bxf8 Rxf8 16. e5 Qb6
17. b3 O-O-O $5 18. bxc4 Nxe5 19. c5 Qa5 $1 20. Ne4 Qb4 (20... Nc4 {was played
by Anand a couple of days later:} 21. Be2 f5 22. Bxc4 fxe4 23. Bxe6+ Kb8 24.
Re1 Qc3 25. Rxe4 Qb2 26. f3 Rf4 27. Qc1 Qxc1+ 28. Rxc1 Rxd4 29. Rxf4 gxf4 30.
g4 fxg3 {1/2-1/2 Eljanov,P-Anand,V/Kemer TUR 2007/The Week in Chess 675}) 21.
Nd6+ Rxd6 22. cxd6 Nd7 23. a4 (23. Qd3 $5 {[%cal Gf1d1,Ga1c1,Gd3h7]}) 23...
Qxd6 {1/2-1/2 Kramnik,V-Anand,V/Mexico City 2007/CBM 120/[Rogozenko] (40)}) (
14. b4 Bf8 15. Bxf8 Rxf8 16. e5 f5 17. exf6 Nxf6 18. Bg4 Qd6 19. Re1 Bc8 20.
Bf3 Ra7 21. a4 Rg7 22. d5 cxd5 23. Bxd5 Re7 24. Bf3 Qxd1 25. Rexd1 bxa4 26.
Rxa4 Kf7 27. b5 axb5 28. Nxb5 Kg7 29. Rxc4 {1/2-1/2 Miton,K-Karjakin,S/Crete
GRE 2007/The Week in Chess 679}) (14. e5 c5 (14... Qb6 15. Bh5 c5 16. Qg4 O-O-O
17. dxc5 Nxc5 18. Bxf7 $14 Rxd6 19. exd6 Qxd6 20. Rad1 Qe7 21. Bg6 Rf8 22. Qe2
Bxc3 (22... Qc7) 23. bxc3 Qf6 24. Qe3 Na4 25. Be4 $16 {1-0 Bartholomew,
J-Robson,R/Richardson USA 2007/The Week in Chess 684 (53)}) 15. Bh5 (15. d5 $5)
15... Bf8 16. Bxf8 Nxf8 17. Bf3 Bxf3 18. Qxf3 Ng6 19. Ne4 O-O 20. dxc5 Qd3 21.
Nf6+ Kh8 22. Qh5 Kg7 23. Rad1 Qf5 24. Nd7 Rfd8 25. f4 gxf4 26. Qxf5 exf5 27.
Nb6 Rxd1 28. Rxd1 Rb8 $13 {1/2-1/2 Najer,E-Malakhov,V/Krasnoyarsk RUS 2007/The
Week in Chess 670 (62)}) (14. a4 {was played in several games of the World Cup:
} e5 $1 15. d5 (15. Bg4 exd4 16. e5 c5 17. Bf3 Nxe5 $1 ({rather than} 17...
Bxf3 18. Qxf3 Nxe5 19. Qd5 dxc3 20. Rfe1 cxb2 21. Rad1 $1 b1=Q 22. Rxb1 Rc8 23.
axb5 axb5 24. Rbd1 $18 {1-0 Kuljasevic,D-Zhao Jun/Richardson USA 2007/The Week
in Chess 684 (30)}) 18. Bxb7 Qxd6 19. Bxa8 O-O 20. Ne4 Qc7 21. axb5 Rxa8 22. f4
gxf4 23. Qh5 Ra7 24. Rxa6 Rxa6 25. bxa6 Qc6 26. Qf5 Qxa6 27. Rxf4 Qg6 28. Nxc5
d3 $44 {1/2-1/2 DEEP JUNIOR-DEEP FRITZ/Elista RUS 2007/The Week in Chess 657 
(47)}) 15... c5 16. b4 $5 Qb6 $1 (16... cxb4 17. Bxb4 a5 18. Bd6 b4 19. Nb5 Rc8
20. Bxc4 Rxc4 21. Qb3 Rc8 (21... Qc8 22. Bc7 Qxc7 23. Nxc7+ Rxc7 24. Rac1 Nc5
25. Qh3 Bc8 26. Qf3 g4 27. Qe3 Bf8 28. f4 $1 gxf3 29. Qxf3 f5 30. Qg3 {1-0
Gustafsson,J-Rodshtein,M/Khanty-Mansiysk RUS 2007/The Week in Chess 681}) 22.
Rac1 Bf8 23. Rxc8 Qxc8 24. Qe3 Nf6 $6 (24... Qc2 25. Rc1 Qb2 {needs checking})
25. Rc1 Qd8 26. Bxe5 Be7 27. d6 O-O 28. dxe7 Qxe7 29. Bd6 $16 {1-0 Zhao
Jun-Harikrishna,P/Khanty-Mansiysk RUS 2007/The Week in Chess 681 (77)}) 17.
bxc5 Nxc5 18. Bxc5 Qxc5 19. axb5 axb5 20. Rxa8+ Bxa8 21. Qa1 O-O 22. Qa5 Rb8
23. Rb1 Bf8 24. Nxb5 (24. Rxb5 Rxb5 25. Qxb5 Qxb5 26. Nxb5 Bb7 27. Bxc4 Ba6 28.
Kf1 Bxb5 29. Bxb5 Bc5 $11 {_|_1/2-1/2 Gustafsson,J-Aronian,L/Khanty-Mansiysk
RUS 2007/The Week in Chess 682 (40)}) 24... f5 25. Qa6 Kh8 26. Nc3 Rxb1+ 27.
Nxb1 Qb4 28. Qxa8 Qxb1+ 29. Bf1 Qb4 30. exf5 c3 $132 {1/2-1/2 Alekseev,
E-Bareev,E/Khanty-Mansiysk RUS 2007/The Week in Chess 682 (40)}) 14... c5 (
14... e5 15. Bg4 exd4 16. e5 $1 {[%cal Re5e6] is the idea behind 14.Re1.}) (
14... Bf8 $5 {needs further analysis.}) 15. dxc5 Rc8 16. a4 $1 {This is more
dangerous now as the b5 pawn is unprotected.} b4 17. c6 Bxc6 $1 ({After} 17...
Rxc6 18. Bxb4 Qb6 19. Ba3 Bd4 20. Rf1 {Black's uncasted king causes him a lot
of trouble, e.g.} Ne5 21. a5 Qa7 22. Na4 $5) 18. Nd5 $5 ({In case of} 18. Bxb4
Qb6 19. Ba3 Bd4 20. Rf1 Ne5 {Black's pieces are placed better than in the 17...
Rxc6 line but now White has an additional option, i.e. the text move.}) 18...
Ne5 $6 (18... Bxb2 $5 19. Bxb4 $5 {with an extremely complicated position,
which nedds a detailed analysis} (19. Be7 $143 Qxe7 20. Nxe7 Kxe7 $44)) 19. Be7
Qd7 $6 (19... Qa5 $142 20. Bxb4 Qd8 {although White keeps pressure after} 21.
Ne7 Rb8 22. Nxc6 Nxc6 23. Ba3) 20. Nf6+ Kxe7 21. Nxd7 Bxd7 {Black has no
sufficient compensation for the queen although converting it is far from easy.
Eventually Aronian even manages to win this rapid game.} 22. Qd2 a5 23. Rad1
Rhd8 24. Qd6+ Ke8 25. Qb6 Ra8 26. Rd6 $6 (26. h4 $142 $1 {trying to open up
the position.}) 26... Rdb8 27. Qc5 Rc8 28. Qb6 Rcb8 29. Qe3 Rc8 (29... Bxa4 $5
30. Ra1 Bd7) 30. h4 Ke7 31. Rb6 g4 32. f4 $6 {It was not necessary to give up
the a4 pawn now.} (32. Rb7 $142 Ke8 33. Ra1 Bc6 $140 34. Ra7 Bxe4 35. Rxa8 Bxa8
36. Qb6 $16) 32... gxf3 33. gxf3 Bxa4 34. f4 Nd7 35. e5 Nxb6 36. Qxb6 Kf8 37.
Bh5 $6 c3 38. f5 $2 cxb2 39. Qd6+ Kg8 40. Bxf7+ Kh8 41. f6 Rc1 42. fxg7+ Kxg7
43. Qe7 Rxe1+ 44. Kh2 Rh1+ 45. Kg3 Rg1+ 46. Kh2 b1=Q 47. Be8+ Kh8 48. Qf6+ Rg7
0-1

[Event "Bundesliga 0607"]
[Site "Germany"]
[Date "2007.03.31"]
[Round "14"]
[White "Pelletier, Yannick"]
[Black "Vallejo Pons, Francisco"]
[Result "1/2-1/2"]
[WhiteElo "2589"]
[BlackElo "2679"]
[Annotator "Krasenkow,M"]
[PlyCount "114"]
[EventDate "2006.10.28"]
[EventType "team-tourn"]
[EventRounds "15"]
[EventCountry "GER"]
[SourceTitle "CBM 118"]
[Source "ChessBase"]
[SourceDate "2007.05.31"]
[SourceVersion "1"]
[SourceVersionDate "2007.05.31"]
[SourceQuality "1"]
[WhiteTeam "Werder Bremen"]
[BlackTeam "Baden-Baden"]
[WhiteTeamCountry "GER"]
[BlackTeamCountry "GER"]

1. d4 d5 2. c4 e6 3. Nf3 Nf6 4. Nc3 c6 5. Bg5 h6 6. Bxf6 Qxf6 7. e3 Nd7 8. Bd3
dxc4 9. Bxc4 g6 10. O-O Bg7 11. b4 O-O 12. a4 Qe7 13. Rb1 a5 $5 {[%mdl 4]
Quite a typical reaction to the minority attack. In this position it was first
applied by Boris Gelfand.} 14. b5 (14. bxa5 {is another option seen in
practice:} Rxa5 15. Qc2 b6 16. e4 (16. Rfe1 Bb7 17. e4 e5 $1 (17... c5 $6 18.
d5 {A.Beliavsky}) 18. d5 Rfa8 {1/2-1/2 Forsberg,J-Dzieniszewski,A/ICCF 2002/
ICCF Telechess CBM 112}) 16... c5 17. d5 Bxc3 18. Qxc3 Rxa4 19. Qc2 Ra7 20. Qd2
exd5 21. exd5 Kg7 22. Rfe1 Qf6 23. Bb5 Rd8 24. Rbd1 Bb7 $13 {1/2-1/2 Beliavsky,
A-Gelfand,B/Beograd 1995 (69)}) 14... Nb6 15. Bb3 c5 {The main idea of 13...a5
- the b6 knight is now placed perfectly. Black had, however, another option:} (
15... Nd5 $5 {K.Sakaev}) 16. Qc1 c4 $5 $146 {[%mdl 8] Black looks for a
strategically complex position. This pawn, however blockaded, will be an
important trump.} (16... cxd4 {is good enough to equalize:} 17. exd4 Bd7 (17...
Rd8 $143 18. Qe3 {[%cal Rd4d5]} Qa3 19. Ne5 Qe7 20. Rfe1 Qf6 21. Rbc1 Qg5 22.
Qe4 Qf5 23. Qe3 Qg5 24. Ne4 $16 {1-0 Sakaev,K-Rogozenko,D/Pardubice 1997/CBM
059 ext (41)}) 18. Qe3 (18. Ne4 $5 {[%cal Yc1f4]}) 18... Rac8 (18... Qa3 19.
Ne5 Rad8 20. h4 Bc8 21. h5 g5 22. Rfe1 Qb4 23. d5 Qd6 24. Nxf7 Kxf7 25. Ne4 Qe5
26. dxe6+ Bxe6 27. Bxe6+ {1-0 Averkin,O-Baranov,G/Krasnodar 1998/EXT 2000}) 19.
Ne5 Rfd8 20. Ne4 Be8 21. Rfe1 Nd5 22. Qf3 b6 $11 {0-1 Averkin,O-Popov,R/
Krasnodar 1998/EXT 2000 (53)}) (16... Rd8 $143 17. Qa3 Bf8 18. Qa2 $14 {
K.Sakaev}) 17. Bc2 e5 18. Nxe5 Bxe5 19. dxe5 Qxe5 20. Qa3 {The queen is not
very active here.} (20. Qe1 $5 {[%cal Ye3e4,Yf2f4]}) 20... Rd8 21. Ne2 {
[%cal Ye2d4] Aiming for d4 but this takes valuable time and Black obtains a
good position.} Bf5 $1 22. Bxf5 Qxf5 23. Nd4 Qd3 (23... Qe5 $5) 24. Qxd3 {
Leading to a slightly inferior endgame.} (24. Qe7 $5 Rd7 25. Qh4 Kh7 $11) 24...
cxd3 25. Rfd1 Nxa4 26. Rxd3 Nb6 27. Rc3 Rdc8 28. Rxc8+ Rxc8 {[%mdl 4096] Black
has an outside passed pawn but White should hold on thanks to his strong
knight.} 29. Kf1 Kf8 (29... a4 {[%cal Ya4a3,Yc8a8] brings nothing:} 30. Ke2 a3
31. Ra1 Ra8 32. Kd3) 30. Ke2 Ke7 31. Kd3 Kd6 32. Nb3 $6 {A loss of time.} (32.
e4 $5 {[%cal Yf2f4]}) 32... Nc4 (32... a4 $5 33. Na5 Rc7 34. Rb2 Kd5 $15) 33.
Rc1 a4 $2 {Wrongly evaluating the pawn endgame.} (33... Ne5+ $142 34. Kd4 Rxc1
35. Nxc1 Ng4 36. Nd3 Nxh2 {keeping winning chances} ({but not} 36... a4 $6 37.
h3 a3 38. Kc3)) 34. Rxc4 Rxc4 35. Kxc4 axb3 36. Kxb3 Kc5 37. b6 (37. Ka4 $2 b6
$19) 37... h5 38. e4 Kxb6 39. Kb4 $11 {Black has an outside passed pawn but
the kingside pawns are not blocked and the white king is further up the board.}
Kc6 (39... g5 40. f3 f6 41. g3 {[%cal Yh2h4]} g4 $1 42. f4 $1 Kc6 43. Kc4 b5+
44. Kb4 Kb6 45. e5 fxe5 46. fxe5 Kc6 47. e6 Kd6 48. Kxb5 Kxe6 49. Kc4 $11) 40.
f4 h4 41. g3 h3 (41... hxg3 42. hxg3 b5 43. g4 f6 (43... Kb6 44. g5 Kc6 45. f5
gxf5 $8 $11) 44. Kb3 Kc5 45. Kc3 b4+ 46. Kb3 Kd4 47. e5 fxe5 48. f5 gxf5 49.
gxf5 Kc5 50. f6 Kd6 51. Kxb4 $11) 42. Kc4 b5+ 43. Kb4 Kb6 44. g4 Kc6 $2 {
A horrible move, after which winning chances pass to White.} (44... f6 45. e5
fxe5 46. fxe5 Kc6 47. e6 Kd6 48. Kxb5 $11) 45. g5 $1 Kb6 46. f5 Kc6 47. fxg6 $2
{Content with a draw, White misses an excellent opportunity.} (47. f6 $1 Kd6
48. Kxb5 Ke5 49. Kc6 Kxe4 50. Kd6 Kf3 51. Ke7 Kg2 52. Kxf7 Kxh2 53. Kxg6 Kg3
54. f7 h2 55. f8=Q h1=Q {This endgame is theoretically drawn but practically
it is very difficult for Black to hold it.}) 47... fxg6 48. e5 Kd5 49. Kxb5
Kxe5 50. Kc4 Kf4 51. Kd3 Kxg5 52. Ke3 Kg4 53. Kf2 Kf4 54. Kg1 g5 55. Kh1 g4 56.
Kg1 Kf3 57. Kh1 Kf2 1/2-1/2

[Event "Grand Slam Final 2nd"]
[Site "Bilbao"]
[Date "2009.09.06"]
[Round "1"]
[White "Grischuk, Alexander"]
[Black "Aronian, Levon"]
[Result "1-0"]
[WhiteElo "2733"]
[BlackElo "2773"]
[Annotator "Krasenkow,M"]
[PlyCount "103"]
[EventDate "2009.09.06"]
[EventType "tourn"]
[EventRounds "6"]
[EventCountry "ESP"]
[EventCategory "20"]
[SourceTitle "CBM 132"]
[Source "ChessBase"]
[SourceDate "2009.09.16"]
[SourceVersion "1"]
[SourceVersionDate "2009.09.16"]
[SourceQuality "1"]

1. d4 d5 2. c4 c6 3. Nf3 Nf6 4. Nc3 e6 5. Bg5 h6 6. Bh4 dxc4 7. e4 g5 8. Bg3 b5
9. Ne5 Bb7 10. h4 g4 11. Be2 Nbd7 12. Bxg4 {This rare continuation was
examined in CBM 119, annotations to Gelfand - Kasimdzhanov.} Rg8 13. Nxd7 (13.
Bf3 $2 Rxg3 $1 14. fxg3 Nxe5 15. dxe5 Nd7 $17 {e.g.} 16. O-O Nxe5 17. Bh5 Bc5+
18. Kh1 Qxd1 19. Raxd1 Ke7 20. Bxf7 Nxf7 21. Rxf7+ Kxf7 22. Rd7+ Kf6 23. Rxb7
Ke5 24. Rc7 Kd6 25. Rh7 Bd4 26. Rxh6 Rf8 {0-1 Borovikov,V (2472)-Shalimov,V 
(2400)/Alushta 2000/EXT 2001 (36)}) 13... Qxd7 14. Bf3 O-O-O (14... Bb4 $5 15.
O-O O-O-O 16. e5 Bxc3 17. bxc3 Nd5 18. Qd2 Ne7 19. Qxh6 c5 20. d5 $6 (20. Qf4
$142) 20... Bxd5 21. Bxd5 Nxd5 22. Qc1 Qc6 23. Kh2 Rg7 24. Re1 Rdg8 25. Qc2 Kb7
26. a4 $6 b4 $17 {0-1 Fridman,D (2635)-Stripunsky,A (2569)/Philadelphia 2007/
CBM 119 ext (32)}) 15. Qd2 $1 {A strong new idea.} ({A new example of} 15. a4 {
showing that it also deserves attention:} a6 16. Be5 Ne8 17. axb5 cxb5 18. d5
Qe7 19. Qe2 Bg7 20. Bg3 Bd4 21. O-O-O Bxc3 ({Black didn't like} 21... Qc5 {
- perhaps because of} 22. Qd2 $5 (22. dxe6 fxe6 23. Bg4 Nc7 24. Nd5 Bxd5 25.
exd5 Bxb2+ $1 26. Kxb2 Qb4+ 27. Kc2 Qa4+ $1 28. Kc1 Qa1+ 29. Kc2 Qa2+ $11 30.
Kc1 Qa1+ {1/2-1/2 Ivanov,S-Shalimov,V/Saint Petersburg 80/448 2000/Inf 80/
[Ivanov,Se]})) 22. bxc3 Qa3+ 23. Qb2 Qxb2+ 24. Kxb2 exd5 25. exd5 Nf6 26. Rhe1
Bxd5 27. Re7 Bxf3 28. Rc7+ Kb8 29. Rxd8+ Rxd8 30. Rxf7+ Kc8 31. Rc7+ Kb8 32.
gxf3 $16 {1-0 Lehnhoff,H-Howes,T/LSS 2007/Telechess CBM 129 (36)}) (15. Bf4
$143 a6 16. a4 Bb4 17. e5 c5 $1 18. exf6 cxd4 19. axb5 Qxb5 20. Qc2 $1 Bxf3 21.
gxf3 dxc3 22. bxc3 Qf5 $1 23. Qxf5 Bxc3+ 24. Ke2 exf5 $15 {1/2 Gelfand,B (2733)
-Kasimdzhanov,R (2677)/Elista 2007/CBM 119/[Krasenkow] (38)}) 15... Rxg3 {
[%mdl 512] Here, too, Black sacrifices the exchange. The difference from the
13.Bf3 line is that his king is far away from the kingside, where White can
create a passed pawn or attack Black's f7 pawn.} (15... Qxd4 $4 {doesn't work,
of course, due to} 16. Qxd4 Rxd4 17. Be5) 16. fxg3 e5 $146 {Hardly a
successful novelty but} (16... Qxd4 17. Qxd4 Rxd4 18. Rd1 $1 {demonstrates the
drawbacks of the position of the black king:} Rxd1+ (18... Bc5 19. g4 $5 {
[%csl Gg4,Gh4]}) 19. Kxd1 Nd7 (19... Kd8 $2 20. e5 {[%cal Rc3b5]}) 20. Bh5 $1
f6 21. Bf7 Nc5 22. Rf1 Bg7 23. Ne2 Kd7 24. Nf4 Ke7 25. Bg8 {[%cal Re4e5,Rf4g6]}
e5 26. Nh5 Bh8 27. Bh7 b4 28. g4 Ba6 29. Rh1 Bb5 30. Ng3 Kf8 31. g5 hxg5 32.
hxg5 Nd3 33. Kc2 fxg5 34. Bg6 Bg7 35. Nf5 $16 {1-0 Tacke,R (1787)-Parushev,A 
(2357)/ICCF WS 2007/ICCF CBM 130 (55)}) 17. O-O-O Qxd4 (17... exd4 $6 18. Qf4
$1 Qe6 19. e5 dxc3 20. Rxd8+ Kxd8 21. Qxf6+ Qxf6 22. exf6 cxb2+ 23. Kxb2 $16 {
S.Zagrebelny}) 18. g4 {[%csl Gg4,Gh4]} (18. Qxd4 Rxd4 $1 (18... exd4 19. e5
dxc3 20. Rxd8+ Kxd8 21. exf6 {-17...exd4}) 19. g4 $1 {deserved attention, too})
(18. Qe2 {was possible, of course, but White has no reason to avoid the
exchange of queens.}) 18... Nd7 $1 {The right course. Black sacrifices a pawn
to obtain the e5-square. Although his compensation will hardly be fully
sufficient for a pure exchange, he has no better option.} 19. Qxd4 exd4 20.
Rxd4 Bg7 (20... Bc5 $5 21. Rdd1 Rh8 {S.Zagrebelny}) 21. Rdd1 Rg8 22. g5 Ne5 23.
gxh6 Bxh6+ 24. Kb1 b4 25. Ne2 (25. Na4 Kc7 26. Nc5 $6 Bc8 {[%cal Rc7b6] S.
Zagrebelny}) 25... c5 26. Rd6 Bg7 27. Rhd1 (27. h5 Kc7 28. Rhd1 Nd3 29. R6xd3
cxd3 30. Nf4 (30. Rxd3 Be5 $44) 30... Ba6 31. Nxd3 Bxd3+ 32. Rxd3 Rd8 $5 {
as the endgame with opposite-coloured bishops should be drawn.}) 27... Kc7 (
27... Nd3 $5 28. b3 Kc7 {with a similar position to the 27.h5 line.}) 28. Nf4
Rh8 29. h5 Bc6 (29... c3 $5 $132) 30. R6d2 Bh6 $2 (30... c3 $1 {(indicated by
GM S.Zagrebelny in his online commentary) was still necessary to create
counterplay. After the text move (very natural but in fact passive!) White
successfully regroups his pieces and invades along the crucial f-file.}) 31.
Nd5+ Kb8 32. Rf2 Ba4 33. Rdf1 (33. Rh1 $142 $1) 33... Nd3 34. Re2 Ne5 35. Rh1
$1 a5 36. Rf2 $1 Bd7 (36... Nd3 37. Rff1) 37. Be2 $1 Be6 38. Nf4 Bc8 39. Rd1 $1
{The threats along the d-file deflect Black's pieces from the f-file.} Bb7 (
39... Rg8 $142 40. Rd6 $1 (40. Rd5 Ng4) 40... Bxf4 41. Rxf4 Rxg2 42. Rd5 Rxe2
43. Rxe5 Be6 44. Rxc5 $18) 40. Nd5 $1 Re8 {Black has no way to prevent the
invasion:} (40... Bg7 41. g4 {[%cal Rg4g5]}) (40... Bg5 41. Rf5) 41. Rf6 $1 Re6
(41... Bg5 42. Rb6 {[%cal Rb6b5]}) 42. Rdf1 Bg7 43. R6f5 $5 (43. Rxe6 fxe6 44.
Nf6 {was quite possible, too, but White was probably afraid of some technical
problems after} Bc6 45. g4 Bh6 {He prefers a more direct way. After the text
move his g-pawn goes forward.}) 43... Nd3 $6 {Giving up evrything, but Black
has no hope anyway:} (43... Re8 44. g4 Bc8 45. R5f4 Bh6 46. Rf6 Re6 47. R1f5
Bg7 48. Rxe6 fxe6 49. Rg5 $18 {S.Zagrebelny}) 44. Rxf7 Bd4 45. Rd7 $1 {[%cal
Rf1f8]} Re8 46. Rff7 Bc6 47. Rde7 Rd8 48. b3 Ne5 49. Rf5 cxb3 50. Rfxe5 bxa2+
51. Kxa2 Rf8 52. R5e6 1-0

[Event "EU-chT (Men) 16th"]
[Site "Heraklion"]
[Date "2007.11.01"]
[Round "5.1"]
[White "Mamedyarov, Shakhriyar"]
[Black "Svidler, Peter"]
[Result "0-1"]
[WhiteElo "2752"]
[BlackElo "2732"]
[Annotator "Krasenkow,M"]
[PlyCount "70"]
[EventDate "2007.10.28"]
[EventType "team-swiss"]
[EventRounds "9"]
[EventCountry "GRE"]
[SourceTitle "CBM 121"]
[Source "ChessBase"]
[SourceDate "2007.11.14"]
[SourceVersion "1"]
[SourceVersionDate "2007.11.14"]
[SourceQuality "1"]
[WhiteTeam "Azerbaijan"]
[BlackTeam "Russia"]
[WhiteTeamCountry "AZE"]
[BlackTeamCountry "RUS"]

1. d4 d5 2. c4 c6 3. Nc3 Nf6 4. Nf3 e6 5. Bg5 h6 6. Bxf6 Qxf6 7. Qb3 dxc4 8.
Qxc4 Nd7 9. g3 e5 {An old line played even back in the 50s!} 10. O-O-O {
The other moves are quite harmless:} (10. dxe5 Nxe5 11. Qe4 Bd6 12. O-O-O Bc7
13. Nxe5 Qxe5 14. Bg2 Be6 15. Qb4 Ba5 16. Qd4 Qxd4 17. Rxd4 Bb6 18. Rb4 O-O-O
$17 {1/2-1/2 Navarovszky,L-Dely,P/Budapest 1963/MCL (30)}) (10. Bg2 exd4 (10...
Be7 $2 11. dxe5 Nxe5 12. Nxe5 Qxe5 13. Bxc6+ {1-0 Duhayon,Y-Laurent,B/
Charleroi 2001/EXT 2003 (30)}) 11. Nxd4 (11. Qxd4 $6 Qxd4 12. Nxd4 Bc5 13.
O-O-O Nf6 14. e4 Ng4 15. Rhf1 Nxh2 16. Rfe1 Bg4 17. Rd2 O-O-O 18. Nb3 Rxd2 19.
Nxd2 Bxf2 20. Rf1 Nxf1 {0-1 Dlugy,M-Kramnik,V/Internet ICC 1999/EXT 2005}) (11.
Ne4 Qf5 (11... Qe7 12. Qxd4 Qb4+ 13. Nc3 Nf6 (13... Qxb2 $5) 14. O-O-O Be6 15.
a3 Qa5 16. Qe5 Qxe5 17. Nxe5 Rd8 18. Kc2 Bd6 19. Nd3 O-O $10 {Korchnoi,
V-Kramnik,V/Monaco/1994/}) 12. Qxd4 Qa5+ 13. Nc3 Be7 14. O-O O-O 15. Qd2 Nb6
16. Qc2 Rd8 17. Rad1 Bf5 18. e4 Bg4 $15 {0-1 Sellos,D-Nikcevic,N/Cannes 1995/
CBM 046 ext (51)}) 11... Nb6 (11... Be7 12. f4 Qd6 13. Nf5 Qf6 14. Nxe7 Qxe7
15. O-O O-O 16. Ne4 Kh8 17. Rfd1 f5 18. Nd6 Nb6 19. Qd4 Be6 20. Qe5 $14 {
1-0 Terpugov,E-Kotov,A/Moscow 1951/URS-ch (39)}) 12. Qd3 Bc5 $6 (12... Be7 $1
$15) 13. O-O-O Be6 14. Ne4 Qxd4 15. Qxd4 Bxd4 16. Rxd4 Rd8 17. Rhd1 Ke7 18. Nc5
Rxd4 19. Rxd4 $14 {1-0 Mikenas,V-Cherepkov,A/Riga 1952/EXT 2003 (67)}) (10. d5
$2 Nb6 11. Qb3 Nxd5 12. Nxd5 cxd5 13. Qxd5 Bb4+ $17) 10... Be7 (10... exd4 11.
Rxd4 (11. Ne4 $1 $14 Qg6 12. Qxd4 Be7 13. Bh3 Nb6 14. Ne5 Qh5 15. Bxc8 Rxc8 {
S.Shipov} 16. g4 $1 Qh3 17. Nd6+ Bxd6 18. Qxd6 $14) 11... Nb6 12. Qd3 Bc5 13.
Re4+ Be7 (13... Be6 $142 $13) 14. Rf4 (14. Re5 $1 {[%cal Yc3e4]}) 14... Qd6 15.
Qxd6 Bxd6 16. Re4+ Kf8 17. Nd4 f5 18. Re3 Kf7 19. Bg2 Nc4 20. Rd3 Ne5 21. Rd2
Nc4 22. Rd3 Ne5 23. Rd2 Nc4 $11 {1/2-1/2 Timman,J-Polgar,S/Curacao 2002/CBM
091 ext (42)}) 11. Ne4 Qf5 12. Qc2 O-O 13. Kb1 (13. h4 exd4 14. Nxd4 Qa5 15.
Kb1 Nf6 16. e3 Nd5 17. a3 Bg4 18. Be2 Bxe2 19. Nxe2 Nf6 20. Nd2 (20. Nd6 $142
$11 {J.Timman}) 20... Rfd8 21. Nd4 Bf8 22. Rhg1 Ng4 23. Nc4 Qc5 24. Nb3 Qe7 25.
e4 Qe6 $15 {1/2-1/2 Timman,J-Gelfand,B/Belgrade 1995/CBM 051 (40)}) 13... Nf6
$146 {[%mdl 8] Jan Timman's recommendation.} (13... exd4 {is also enough for
equality:} 14. Nxd4 Qa5 15. Bh3 (15. Bg2 Nf6 16. h3 $5 {(S.Shipov) is hardly
worrying Black}) 15... Nf6 16. Bxc8 Raxc8 17. Nxf6+ Bxf6 18. Nf5 Rcd8 19. f4
Rxd1+ 20. Rxd1 Rd8 21. Rxd8+ Bxd8 22. a3 Qd5 23. e4 Qd7 24. e5 Be7 25. Kc1 g6
$1 26. Nd6 Bxd6 27. Qd2 Kf8 28. exd6 Ke8 29. Qe3+ Qe6 $1 30. Qxa7 $8 Qe1+ 31.
Kc2 Qe2+ 32. Kc3 Qe1+ 33. Kc2 {1/2-1/2 Kortschnoj,V-Dreev,A/Yalta 1995/CBM 047
ext/[Shipov]}) 14. Nxf6+ Bxf6 15. dxe5 Bxe5 16. Nxe5 Qxe5 17. f4 $6 {An
obvious move but} (17. e4 Bg4 18. Be2 $11 {was more accurate}) 17... Qh5 (17...
Qe3 $5) 18. e4 Bg4 {It turns out that White now loses the d-file!} 19. Re1 (19.
Rd2 Rad8 20. Bc4 (20. Bd3 Rd4 $1) 20... Bf3 21. Re1 Qa5 $1 22. Kc1 Rd4 $1 {
leads to serious trouble for White.}) 19... Rad8 20. Be2 Rd4 21. Bxg4 Qxg4 22.
e5 $6 {It was necessary to exchange a pair of rooks:} (22. Rd1 Rfd8 23. Rxd4
Rxd4 24. Re1 $15 Qd7 $140 25. Kc1) 22... Rfd8 {White is now completely passive.
} 23. Re2 g6 24. Rc1 Rd3 25. a3 Qe6 26. Qc4 R8d5 27. Ka1 a5 28. Qc2 h5 29. Rf1
$6 {This rook should rather remain on c1 to prevent the advance of Black's
pawns.} (29. Kb1 $142 c5 30. Qa4 $17) 29... b5 30. Ref2 {It is too late to
return:} (30. Rc1 c5) 30... Qf5 31. Re1 c5 {[%cal Rb5b4]} 32. e6 $6 {A
desperate attempt but White had no defence anymore.} fxe6 33. Rfe2 Rd6 34. Qc1
Qd5 $1 35. Re5 Qb3 (35... Qb3 36. R5e3 c4 {is absolutely hopeless for White.})
0-1